01010nam a2200205 a 450000100100000000500170001000800410002702000150006804000250008308200150010810000240012324501320014726001240027930000470040349000970045050000740054770000230062170000570064483001030070100004151820201002034948.0131009s1982 sp abe 000 0 spa d a8400052412 aDO-SdBNPbspacBNPHU axxxbC229i1 aCanterla, Francisco13aLa Iglesia de Oaxaca en el siglo XVIII /cFrancisco Canterla y Martín de Tovar ; prólogo José Antonio Calderón Quijano. aSevilla :bEscuela de Estudios Hispano-Americanos de Sevilla, Consejo Superior de Investigaciones Científicas,c1982. axxii, 273 p. :bil., maps, plans ;c25 cm.1 aPublicaciones de la escuela de estudios hispano-americanos de la Universidad de Sevillav281 aIncluye referencias bibliográficas y notas al pie de las páginas.12aTovar, Martín de12aCalderón Quijano, José Antonio Calderonepról. 0aPublicaciones de la escuela de estudios hispano-americanos de la Universidad de Sevilla, 281.n281